Fnunctional Anatomy Mammalia and Comparative (Record no. 6170)

MARC details
000 -LEADER
fixed length control field 00428nam a22001577a 4500
003 - CONTROL NUMBER IDENTIFIER
control field OSt
005 - DATE AND TIME OF LATEST TRANSACTION
control field 20210923095213.0
008 - FIXED-LENGTH DATA ELEMENTS--GENERAL INFORMATION
fixed length control field 210923b |||||||| |||| 00| 0 eng d
040 ## - CATALOGING SOURCE
Transcribing agency Hawassa University
050 ## - LIBRARY OF CONGRESS CALL NUMBER
Classification number 599.04/LEA
082 ## - DEWEY DECIMAL CLASSIFICATION NUMBER
Edition number 3
Classification number 599.04/LEA
100 ## - MAIN ENTRY--PERSONAL NAME
Personal name Leach,James W.
9 (RLIN) 6405
245 ## - TITLE STATEMENT
Title Fnunctional Anatomy Mammalia and Comparative
260 ## - PUBLICATION, DISTRIBUTION, ETC.
Place of publication, distribution, etc. New York
Name of publisher, distributor, etc. McGraw-Hill Book Co. Inc
Date of publication, distribution, etc. 1961
942 ## - ADDED ENTRY ELEMENTS (KOHA)
Source of classification or shelving scheme Dewey Decimal Classification
Koha item type Books like text book referance book
Suppress in OPAC No
Holdings
Withdrawn status Lost status Source of classification or shelving scheme Damaged status Not for loan Home library Current library Date acquired Total Checkouts Full call number Barcode Date last seen Copy number Price effective from Koha item type
    Dewey Decimal Classification     College of Agriculture Library College of Agriculture Library 09/23/2021   599.04/LEA ALIB0006594 09/23/2021 1 09/23/2021 Books like text book referance book